000 00680nam a2200205 i 4500
001 29920
003 ES-MaACL
005 20251019063039.0
007 t|
008 030123s1970 sp ||||1| spa d
100 1 _aMatsuo, Basho,
_d1644-1694
_9242373
245 1 0 _aSendas de Oku /
_cMatsuo Basho ; versión castellana de Octavio Paz y Eikichi Hayashiya ; introducción de Octavio Paz.
250 _a[1ª ed.].
260 _aBarcelona :
_bBarral,
_c1970.
300 _a128 p., 1 lám. :
_b1 map. ;
_c20 cm.
700 1 _aPaz, Octavio,
_d1914-1998
_989753
700 1 _aHayashiya, Eikichi.
_962185
852 _aES-MaACL
_jC-40083
_bR.75904
999 _c29920
_d29920